000 00287nam a22001217a 4500
008 171228b xxu||||| |||| 00| 0 eng d
041 _aeng
080 _a7
100 _a44
101 _aART
245 _aCANTERBURY PHOTOGRAPHY ARNO GASTEIGER INTRODUCTION
_cTEMPLE.P
942 _2udc
_cBK
999 _c39569
_d39569